| 000 | 00581nam a22001937a 4500 | ||
|---|---|---|---|
| 005 | 20251108175745.0 | ||
| 008 | 250721s2020 xx 000 0 ara d | ||
| 082 | 1 | 4 | _a658.409/ربا |
| 100 | 1 | _aالربابعة، خالد | |
| 245 | 1 | 0 | _aالمهارات الادارية والقيادية المعاصرة / |
| 250 | _aط4. | ||
| 264 | 1 |
_aعمان : _bدار زهران للنشر والتوزيع، _c2020. |
|
| 300 | _a393ص. | ||
| 650 | 1 | 7 | _aالادارة |
| 650 | 1 | 7 | _aالقيادة |
| 700 | 1 | _aالزيود، محمود | |
| 942 |
_2ddc _cBK |
||
| 999 |
_c141648 _d141648 |
||